| 000 -LEADER |
| fixed length control field |
00895cam a2200277Ia 4500 |
| 020 ## - INTERNATIONAL STANDARD BOOK NUMBER |
| ISBN |
0538680474 |
| 020 ## - INTERNATIONAL STANDARD BOOK NUMBER |
| ISBN |
0538674970 (t.ed., pt.1) |
| 020 ## - INTERNATIONAL STANDARD BOOK NUMBER |
| ISBN |
0538674989 (t.ed., pt.2) |
| 020 ## - INTERNATIONAL STANDARD BOOK NUMBER |
| ISBN |
0538680490 (t. annotated ed., pt.1) |
| 020 ## - INTERNATIONAL STANDARD BOOK NUMBER |
| ISBN |
0538680504 (t. annotated ed., pt.2) |
| 040 ## - CATALOGING SOURCE |
| Transcribing agency |
KMM |
| 082 ## - DEWEY DECIMAL CLASSIFICATION NUMBER |
| Classification number |
512 SOU 1998 A026 Or. |
| 245 00 - TITLE STATEMENT |
| Title |
South-Western Algebra 1 : |
| Remainder of title |
an integrated approach / |
| 246 3# - VARYING FORM OF TITLE |
| Title proper/short title |
South Western Algebra 1 |
| 246 30 - VARYING FORM OF TITLE |
| Title proper/short title |
Algebra 1 |
| 246 3# - VARYING FORM OF TITLE |
| Title proper/short title |
South-Western Algebra one |
| 246 3# - VARYING FORM OF TITLE |
| Title proper/short title |
South Western Algebra one |
| 246 3# - VARYING FORM OF TITLE |
| Title proper/short title |
Algebra one |
| 260 ## - PUBLICATION, DISTRIBUTION, ETC. (IMPRINT) |
| Place of publication |
Cincinnati : |
| Name of publisher |
South-Western Educational Publishing, |
| Year of publication |
c1998 |
| 300 ## - PHYSICAL DESCRIPTION |
| Number of Pages |
v, [13], 794 p. : |
| Other physical details |
ill. ; |
| Dimensions |
27 cm. + |
| Accompanying material |
teacher's annotated edition (2 v.) |
| 500 ## - GENERAL NOTE |
| General note |
Includes index |
| 650 #0 - SUBJECT ADDED ENTRY--TOPICAL TERM |
| Topical Term |
Algebra |
| 700 1# - ADDED ENTRY--PERSONAL NAME |
| Personal name |
Gerver, Robert K |
| 710 2# - ADDED ENTRY--CORPORATE NAME |
| Corporate name or jurisdiction name as entry element |
South-Western Educational Publishing |
| 942 ## - ADDED ENTRY ELEMENTS (KOHA) |
| Koha item type |
សៀវភៅភាសាអង់គ្លេស |
| 952 ## - LOCATION AND ITEM INFORMATION (KOHA) |
| Withdrawn status [LOCAL, KOHA] |
0 |